Introduction to horned lizards of North America (Record no. 166275)
[ view plain ]
| 000 -LEADER | |
|---|---|
| fixed length control field | 01655nam a2200397 a 4500 |
| 082 04 - DEWEY DECIMAL CLASSIFICATION NUMBER | |
| Classification number | 597.95 |
| 100 1# - MAIN ENTRY--AUTHOR NAME | |
| Personal name | Sherbrooke, Wade C. |
| 245 10 - TITLE STATEMENT | |
| Title | Introduction to horned lizards of North America |
| 260 ## - PUBLICATION, DISTRIBUTION, ETC. (IMPRINT) | |
| Place of publication | Berkeley : |
| Name of publisher | University of California Press, |
| Year of publication | c2003. |
| 300 ## - PHYSICAL DESCRIPTION | |
| Number of Pages | xiii, 177 p. : |
| Other physical details | col. ill., col. maps. |
| 490 1# - SERIES STATEMENT | |
| Series statement | California natural history guides ; |
| 500 ## - GENERAL NOTE | |
| General note | Rev. ed. of: Horned lizards, unique reptiles of North America. c1981. |
| 650 #0 - SUBJECT ADDED ENTRY--TOPICAL TERM | |
| Topical Term | Horned toads |
| Topical Term | Reptiles |
| 700 1# - ADDED ENTRY--PERSONAL NAME | |
| Personal name | Sherbrooke, Wade C. |
| 856 40 - ELECTRONIC LOCATION AND ACCESS | |
| Uniform Resource Identifier | http://site.ebrary.com/lib/rucke/Doc?id=10676190 |
No items available.
